LEADER 01902nas 2200505-a 450 001 9910143770003321 005 20260218110415.0 011 $a2422-3174 035 $a(CKB)991042726856328 035 $a(CONSER)---81645641- 035 $a(MiAaPQ)1806345 035 $a(DE-599)ZDB2558994-5 035 $a(DE-599)2558994-5 035 $a(EXLCZ)99991042726856328 100 $a20790817a19799999 --- b 101 0 $aspa 200 00$aLingüística y literatura $erevista del Departamento de Español 210 $aMedellín, Colombia $cDepartamento de Español 215 $a1 online resource 311 08$aPrint version: Lingüística y literatura : 0120-5587 (DLC) 81645641 (OCoLC)5285172 531 0 $aLingüist. lit. 606 $aPhilology$vPeriodicals 606 $aLatin American literature$vPeriodicals 606 $aLatin American literature$xHistory and criticism$vPeriodicals 606 $aFILOLOGIA$xPUBLICACIONES PERIODICAS$2renib 606 $aLITERATURA LATINOAMERICANA$xPUBLICACIONES PERIODICAS$2renib 606 $aLatin American literature$2fast$3(OCoLC)fst00993031 606 $aPhilology$2fast$3(OCoLC)fst01060694 608 $aCriticism, interpretation, etc.$2fast 608 $aPeriodicals.$2fast 615 0$aPhilology 615 0$aLatin American literature 615 0$aLatin American literature$xHistory and criticism 615 7$aFILOLOGIA$xPUBLICACIONES PERIODICAS. 615 7$aLITERATURA LATINOAMERICANA$xPUBLICACIONES PERIODICAS. 615 7$aLatin American literature. 615 7$aPhilology. 676 $a409/.8 712 02$aUniversidad de Antioquia.$bDepartamento de Espan?ol. 712 02$aUniversidad de Antioquia.$bDepartamento de Lingu?i?stica y Literatura. 906 $aJOURNAL 912 $a9910143770003321 920 $aexl_impl conversion 996 $aLingüística y literatura$91887841 997 $aUNINA